Catálogo

Vista normal Vista MARC

Entrada Personal Name

Número de registros utilizados en: 1

001 - CONTROL NUMBER

  • control field: 17312

003 - CONTROL NUMBER IDENTIFIER

  • control field: DLC

005 - DATE AND TIME OF LATEST TRANSACTION

  • control field: 20250711124252.0

008 - FIXED-LENGTH DATA ELEMENTS

  • fixed length control field: 860605n| azannaabn |a aaa

010 ## - LIBRARY OF CONGRESS CONTROL NUMBER

  • LC control number: n 86003833
  • Canceled/invalid LC control number: n 95101045

035 ## - SYSTEM CONTROL NUMBER

  • System control number: (OCoLC)oca01614962

040 ## - CATALOGING SOURCE

  • Original cataloging agency: DLC
  • Language of cataloging: spa
  • Description conventions: rda
  • Transcribing agency: Mx-PuUPA
  • Modifying agency: DLC
  • Modifying agency: OCoLC
  • Modifying agency: InU
  • Modifying agency: Mx-PuUPA

100 1# - HEADING--PERSONAL NAME

  • Personal name: Trilla i Bernet, Jaume,

370 ## - ASSOCIATED PLACE

  • Associated country: España
  • Other associated place: Barcelona (España)
  • Source of term: naf

374 ## - OCCUPATION

  • Occupation: Autor
  • Occupation: Educador
  • Occupation: Profesor universitario
  • Source of term: lcsh

375 ## - GENDER

  • Gender: hombre

377 ## - ASSOCIATED LANGUAGE

  • Language code: spa

400 1# - SEE FROM TRACING--PERSONAL NAME

  • Personal name: Bernet, Jaume Trilla i

400 1# - SEE FROM TRACING--PERSONAL NAME

  • Personal name: Trilla, Jaume

400 1# - SEE FROM TRACING--PERSONAL NAME

  • Personal name: Trilla Bernet, Jaume

670 ## - SOURCE DATA FOUND

  • Source citation: His Llibres escolars fantàstics, 1986:
  • Information found: t.p. (Jaume Trilla i Bernet)

670 ## - SOURCE DATA FOUND

  • Source citation: His Ensayos sobre la escuela, c1985:
  • Information found: t.p. (Jaume Trilla)

670 ## - SOURCE DATA FOUND

  • Source citation: Otras educaciones, 1993:
  • Information found: t.p. (Jaume Trilla Bernet)

670 ## - SOURCE DATA FOUND

  • Source citation: Buxarrais, Ma. Rosa. La educación moral en primaria y en secundaria, 1997:
  • Information found: title page (Jaume Trilla) back cover (professor, theory of education, Facultad de Pedagogía, Universidad de Barcelona, member, GREM, Grup de Recerca en Educació Moral)